Bản thảo từ điển Anh - Nhật - Việt nông nghiệp

Spremljeno u:
Bibliografski detalji
Format: Knjiga
Jezik:Undetermined
Teme:
Oznake: Dodaj oznaku
Bez oznaka, Budi prvi tko označuje ovaj zapis!
Thư viện lưu trữ: Trung tâm Học liệu Trường Đại học Cần Thơ
LEADER 00396nam a2200121Ia 4500
001 CTU_566
008 210402s9999 xx 000 0 und d
082 |a 495.63 
082 |b B105 
245 0 |a Bản thảo từ điển Anh - Nhật - Việt nông nghiệp 
650 |a vietnamese language - dictionaries 
904 |i Minh, 960725 
980 |a Trung tâm Học liệu Trường Đại học Cần Thơ